1251 1955 1949 1864 1618 1176 1293 1069 1784 1482 1133 1045 1030 1870 1881 1011 1823 1208 1522 1835 1306 1608 1093 1302 1488 1294 1146 1160 1121 1306 1169 1134 1284 1764 1415 1946 1610 1320 1231 1580 1406 1341 1214 1731 1532 1338 1354 1694 1816 1444 1055 1952 1944 1369 1894 1895 1825 1854 1737 1374 1620 1971 1185 1612 1121 1230 1446 1843 1453 1564 1161 1648 1694 1024 1085 1700 1111 1680 1333 1297 1347 1631 1710 1182 1686 1510 1205 1833 1660 1329 1256 1451 1698 1664 1421 1486 1488 1562 1591 BCNSPRNW ULIB Ver.6.0+V

เปลี่ยนเป็นภาษาไทย

Change to English
 แสดงรายละเอียดบรรณานุกรม
  กลับหน้าหลัก

Brief Record : Get Marc (ISO 2709) : E-mail record : QR code < ปิดหน้าต่าง
LEADER : 00000nam 2200000uu 4500
001    13399127283
003     ULIB
008    200319s2562||||th 000 0 tha d
020    ^a9789746301886
060    ^aWY100^bว117ก
100    ^aวัลภา สุนทรนัฏและคณะ
245    ^aการรักษาโรคเบื้องต้น/ วัลภา สุนทรนัฏและคณะ
250    ^aพิมพ์ครั้งที่ 1
260    ^aนครราชสีมา :^bสาขาวิชาการพยาบาลอนามัยชุมชน คณะพยาบาลศาสตร์ มหาวิทยาลัยวงษ์ชวลิตกุล,^c2562
300    ^a245 หน้า
650    ^aการรักษาโรค
945    ^p320^l0^i28037
945    ^p320^l0^i28038
945    ^p320^l0^i28039
945    ^p320^l0^i28040
945    ^p320^l0^i28041
999    ^aกัณชพร จุลอักษร
รายการนี้ยังไม่มีแท็ก
คุณยังไม่ได้ล็อกอิน คุณสามารถมีกิจกรรมร่วมกับเว็บไซต์ได้ แต่ต้องล็อกอินก่อน ::
  ล็อกอิน

รายการสื่อสารสนเทศ

ลำดับที่ ประเภท เลขเรียก/บาร์โค้ด สถานที่ สถานะ
1. หนังสือสำรอง
หนังสือสำรอง
WY100 ว117ก ฉ.1 
  Barcode: 28037
ห้องสมุดวิทยาเขตนครสวรรค์
►หนังสือทั่วไป:l:General Books
บนชั้น
2. วิทยาศาสตร์การแพทย์ และสุขภาพ
วิทยาศาสตร์การแพทย์ และสุขภาพ
WY100 ว117ก ฉ.2 
  Barcode: 28038
ห้องสมุดวิทยาเขตนครสวรรค์
►หนังสือทั่วไป:l:General Books
บนชั้น
3. วิทยาศาสตร์การแพทย์ และสุขภาพ
วิทยาศาสตร์การแพทย์ และสุขภาพ
WY100 ว117ก ฉ.3 
  Barcode: 28039
ห้องสมุดวิทยาเขตนครสวรรค์
►หนังสือทั่วไป:l:General Books
บนชั้น
4. วิทยาศาสตร์การแพทย์ และสุขภาพ
วิทยาศาสตร์การแพทย์ และสุขภาพ
WY100 ว117ก ฉ.4 
  Barcode: 28040
ห้องสมุดวิทยาเขตนครสวรรค์
►หนังสือทั่วไป:l:General Books
บนชั้น
5. วิทยาศาสตร์การแพทย์ และสุขภาพ
วิทยาศาสตร์การแพทย์ และสุขภาพ
WY100 ว117ก ฉ.5 
  Barcode: 28041
ห้องสมุดวิทยาเขตนครสวรรค์
►หนังสือทั่วไป:l:General Books
บนชั้น

รายการใกล้เคียง
    ชื่อเรื่อง [การรักษาโรคเบื้องต้น/ วัลภา สุนทรนัฏและคณะ]

    ผู้แต่ง [วัลภา สุนทรนัฏและคณะ]

    หัวเรื่อง [การรักษาโรค]

BibComment


ยังไม่เคยถูกคอมเมนท์

คอมเมนท์ทรัพยากรรายการนี้
  คอมเมนท์: การรักษาโรคเบื้อ..


 Copyright 2026. Bcnsprnw @Library